00887nam a2200265 a 450000100100000000500170001000800410002702000150006804000250008304100380010808200170014610000290016324000410019224500630023326000430029630000280033949000270036753400610039460000430045565000270049865000210052565000220054670000260056883000270059400001488120200929163921.0100126s1984 ag a 000 0bspa d a9501502848 aDO-SdBNPbspacBNPHU17aspaheng2Código de idioma MARC a927.8bA773H1 aHorowitz, Joseph,d1948-10aConversations with arrau.lEspañol10aArrau /cJoseph Horowitz ; traducción de Claudia Adán. aBuenos Aires :bJavier Vergara,c1984. a318 p. :bil. ;c22 cm.1 aBiografía e historia pTítulo original en inglés:tConversations with arrau10aARRAU, CLAUDIOd1903-1991vBIOGRAFÍA 4aPianistasvENTREVISTAS 4aSonetos chilenos 4aMusica para piano1 aAdán, Claudia,etr. 0aBiografía e historia